=LDR 00000nam 2200000 4500 =001 INLIS000000000015315 =005 20130612110608 =008 ***********************************636.293** =035 ##$$0010-061300000015315 =041 ##$$a 636.293 =082 ##$$a 636.293 =090 ##$$a 636.293, MUN-m =100 ##$$a Muntidjo, Bambang Agus =245 ##$$a Pemeliharaan Kerbau, Bambang Agus Muntidjo =260 ##$$a 1989 $b Yogyakarta =300 ##$$a 87 hlm, Ilus, 21 cm =650 ##$$a Kerbau Pemeliharaan =850 ##$$a NBPNMAT